000 00396nam a22001697a 4500
003 MPLRDC
005 20220104144054.0
008 210129b ||||| |||| 00| 0 eng d
082 _a909.4 DZ c.2
100 _a陈金沙等编写
245 _a西方美术简史
_c
250 _a初版
260 _a
_b董总
_c1992
300 _b
650 _a西洋艺术史
942 _cBK
_o909.4 DZ c.2
999 _c46107
_d46097